000 00446pab a2200169 454500
008 180718b2012 xxu||||| |||| 00| 0 eng d
100 _aSowmayshree, K.L.
245 _aAn analysis of the age sex structure and health status of senior citizens of Mysore City
260 _c2012
300 _ap.100-108.
362 _aApr-Jun
650 _aOld age
700 _aShivalingappa, B.N.
773 _aNagarlok
908 _aN
909 _a101890
999 _c101888
_d101888